Baby Names Ending With -S Quiz Stats

 Plays Quiz Updated Mar 13, 2018

Challenge
Share
Tweet
Embed
Score 0/100 Timer 10:00
11 Plays Today
Year Name % Correct
1895James
86.9%
1925James
86.9%
1955James
86.9%
1985James
86.9%
2015James
86.9%
1895Thomas
79.2%
1925Thomas
79.2%
1955Thomas
79.2%
1985Thomas
79.2%
2015Thomas
79.2%
1895Charles
75.3%
1925Charles
75.3%
1955Charles
75.3%
1985Charles
75.3%
2015Charles
75.3%
1895Frances
73%
1895Francis
73%
1925Frances
73%
1925Francis
73%
1955Frances
73%
1955Francis
73%
1985Francis
73%
1895Louis
66%
1895Lewis
66%
1925Louis
66%
1925Lewis
66%
1955Louis
66%
1955Lewis
66%
1985Louis
66%
1895Dennis
57.5%
1955Dennis
57.4%
1985Dennis
57.4%
1955Chris
57.1%
1925Doris
55.7%
Year Name % Correct
1955Doris
55.7%
1895Jess
51.1%
1925Nicholas
49.5%
1955Nicholas
49.5%
1985Nicholas
49.5%
1985Nicolas
49.5%
2015Nicholas
49.5%
2015Nicolas
49.5%
1895Lois
48.6%
1925Lois
48.6%
1955Lois
48.6%
2015Iris
46.6%
1895Agnes
46.6%
1925Agnes
46.6%
1895Willis
44.5%
1925Willis
44.5%
1895Gladys
44.2%
1925Gladys
44.2%
1955Ross
44%
1985Ross
44%
1985Marcus
43.9%
2015Marcus
43.9%
1985Lucas
43.6%
2015Lucas
43.6%
1895Ellis
43.2%
1895Otis
42.7%
1925Otis
42.7%
1895Morris
41.5%
1925Morris
41.5%
1955Carlos
41.4%
1985Carlos
41.4%
2015Carlos
41.4%
1925Dolores
38%
1955Delores
38%
Year Name % Correct
1955Dolores
38%
1925Phyllis
37.4%
1955Phyllis
37.4%
1955Janis
36.8%
1985Alexis
33.8%
2015Alexis
33.8%
1895Julius
32%
1925Julius
32%
1985Jesus
31%
2015Jesus
31%
2015Miles
29.8%
2015Myles
29.8%
1895Amos
28.9%
1985Luis
26.5%
2015Luis
26.5%
2015Elias
25.9%
1985Travis
25.4%
1925Douglas
24.9%
1955Douglas
24.9%
1985Douglas
24.9%
2015Silas
23.8%
1895Curtis
22.5%
1925Curtis
22.5%
1955Curtis
22.5%
1985Curtis
22.5%
1985Andres
18.3%
2015Andres
18.3%
1895Rufus
17.7%
2015Genesis
17.5%
1985Marcos
12.3%
2015Maximus
10.7%
2015Brooks
10.1%

You're not logged in!

Compare scores with friends on all Sporcle quizzes.
OR
Log In

You Might Also Like...

Show Comments

Extras

Top Quizzes Today


Score Distribution

Your Account Isn't Verified!

In order to create a playlist on Sporcle, you need to verify the email address you used during registration. Go to your Sporcle Settings to finish the process.

Report this User

Report this user for behavior that violates our Community Guidelines.

Details: